| 000 | 00206nam a22000737a 4500 | ||
|---|---|---|---|
| 999 |
_c24276 _d24276 |
||
| 003 | NUST | ||
| 005 | 20170606102253.0 | ||
| 008 | 140515b xxu||||| |||| 00| 0 eng d | ||
| 020 |
_cAvailable _a0262132052 |
||
| 040 |
_aDLC _bDLC _cRCMS |
||
| 050 | _a 629.89 MAS | ||
| 082 | _a 629.89 MAS | ||
| 100 |
_aMathew T.Mason _91991 |
||
| 245 |
_aRobot Hands and the Mechanics of Manipulation _cMathew T.Mason and J.Kenneth Salisbury ,Jr. |
||
| 260 |
_aThe Massachusetts Institute of Technology _bAmerica _c c1985. |
||
| 300 |
_axxvi, 298 p. : _bill, ; _c26 cm. |
||
| 538 | _iShelf # 10, Row # 1, Mechanical & Aerospace. | ||
| 856 | _3Table of Contents Only. | ||
| 942 |
_2ddc _cBK _h 629.89 MAS |
||